Most Guessed Countries in Each Language - Statistics

General Stats
  • This quiz has been taken 71 times
  • The average score is 42 of 45
Answer Stats
Language % Answer % Correct
German 97 Deutschland
100%
Portuguese 96 Estados Unidos
98%
Dutch 96 Nederland
98%
Polish 95 Stany Zjednoczone
98%
Italian 96 Stati Uniti
98%
English 97 United States
98%
German 96 Vereinigte Staaten
98%
Dutch 94 Verenigde Staten
98%
French 96 Espagne
97%
Spanish 96 Estados Unidos
97%
French 96 États-Unis
97%
French 98 France
97%
Italian 96 Francia
97%
Polish 94 Francja
97%
German 95 Frankreich
97%
Dutch 95 Frankrijk
97%
Italian 97 Italia
97%
Polish 95 Niemcy
97%
Finnish 96 Saksa
97%
English 95 Mexico
95%
Spanish 96 México
95%
Portuguese 94 México
95%
Finnish 98 Suomi
95%
Spanish 96 Argentina
94%
Portuguese 95 Argentina
94%
Portuguese 97 Brasil
94%
English 95 China
94%
Polish 96 Rosja
94%
Dutch 95 Rusland
94%
English 96 Russia
94%
Italian 95 Russia
94%
German 96 Russland
94%
Finnish 97 Venäjä
94%
English 96 Canada
92%
Spanish 96 Canadá
92%
French 96 Canada
92%
Italian 95 Canada
92%
Portuguese 95 Canadá
92%
French 96 Italie
92%
German 95 Italien
92%
Polish 97 Polska
92%
Finnish 97 Ruotsi
89%
Finnish 97 Norja
87%
Dutch 95 België
85%
Spanish 95 Chile
77%
No matching quizzes found
Score Distribution
Percent of People with Each Score
Percentile by Number Answered
Your Score History
You have not taken this quiz